LEADER 01144nam2 22003253i 450 001 MIL0370494 005 20251003044232.0 100 $a20230529d1947 ||||0itac50 ba 101 | $aita 102 $ait 181 1$6z01$ai $bxxxe 182 1$6z01$an 183 1$6z01$anc$2RDAcarrier 200 0 $a2$fRuggero Luzzatto 210 $aGenova$cL.U.P.A.$d1947 215 $aP. 261-568$d25 cm. 461 1$1001FER0086393$12001 $aˆLa ‰compravendita secondo il nuovo Codice$fRuggero Luzzatto$v2 606 $aVendita$2FIR$3SBLC130324$9E 676 $a347$9DIRITTO PROCESSUALE CIVILE E TRIBUNALI CIVILI$v23 696 $aCompravendita$aVendita commerciale$aVendite 699 $aVendita$yCompravendita 699 $aVendita$zVendita commerciale 699 $aVendita$zVendite 801 3$aIT$bIT-000000$c20230529 850 $aIT-BN0095 912 $aMIL0370494 950 2$aBiblioteca Centralizzata di Ateneo$cv. 1-2$d 01D (AR) 5 621$e 01AR 0070056215 VMA A4(0002 v. 2$fY $h20230529$i20230529$lFondo Chiomenti$mEx Libris 977 $a 01 996 $a2$961340 997 $aUNISANNIO